• 首页
  • 本馆介绍
  • 公告通知
  • 最新文献
  • 馆藏检索
  • 电子资源
  • 读者导购
  • 参考咨询
  • 我的图书馆
  • 登录
  • 详细信息显示
  • 放入我的书架
  • 预约/预借图书
  • 作者相关作品
  • 分类相关作品
  • 丛书相关作品
  • 出版社相关作品

书目信息

  • 表格格式
  • 工作单格式
  • 卡片格式
题名:
雷达对抗原理
    
 
作者: 林象平 主编
分册:  
出版信息: 西安   西北电讯工程学院出版社  1985
页数: 460页
开本: 26cm
丛书名:
单 册:
中图分类: TN974 , TN97
科图分类:
主题词: 电子对抗--教材 , 电子干扰
电子资源:
ISBN:
000 00649nam0 2200253 45
001 0185016950
005 20061125142532.28
010    @dCNY6.60
100    @a19951117d1985 em y0chiy0121 ea
101 0  @achi
102    @aCN@b610000
105    @ay z 000yy
200 10 @a雷达对抗原理@Alei da dui kang yuan li@f林象平主编
210    @a西安@c西北电讯工程学院出版社@d1985
215    @a460页@d26cm
300    @a高等学校教材
606    @a电子对抗@x教材
606 0  @a电子干扰
690    @aTN974@v3 
690    @aTN97@v3
701  0 @a林象平@4主编@Alin xiang ping
801  2 @aCN@bNLC@c20061125
801  0 @aCN@bTSSF
905    @a10447@dTN97@e6
    
    雷达对抗原理/林象平主编.-西安:西北电讯工程学院出版社,1985
    460页;26cm
    高等学校教材
    
    ISBN :CNY6.60
    
●
相关链接 在E读中查询图书 在五车中查询图书 在当当中查询图书 在豆瓣中查询图书


正题名:雷达对抗原理     索取号:TN97/6         预约/预借

序号 登录号 条形码 馆藏地/架位号 状态 备注
1 0137651   001324472   第二样本阅览室/ [索取号:TN97/6] 在馆    
2 137649   001324515   第三借阅区/ [索取号:TN97/6] 在馆    
3 137650   001324436   第三借阅区/ [索取号:TN97/6] 在馆    
唐山师范学院图书馆 欢迎您!
大连网信软件有限公司© 版权所有